logo

Bir Sreshtho Munshi Abdur Rouf Library
Jhenaidah Cadet College

An embedded software primer / (Record no. 14285)

MARC details
000 -LEADER
fixed length control field 00908cam a22002894a 4500
001 - CONTROL NUMBER
JCCL Control Number 14285
003 - CONTROL NUMBER IDENTIFIER
JCCL marc code BD-JhCC
005 - DATE AND TIME OF LATEST TRANSACTION
control field 20250227105043.0
008 - FIXED-LENGTH DATA ELEMENTS--GENERAL INFORMATION
fixed length control field 990330s1999 maua b 001 0 eng
020 ## - INTERNATIONAL STANDARD BOOK NUMBER
International Standard Book Number 020161569X
020 ## - INTERNATIONAL STANDARD BOOK NUMBER
International Standard Book Number 020161653X (pbk./CDROM)
035 ## - SYSTEM CONTROL NUMBER
system control number (DLC) 14285
040 ## - CATALOGING SOURCE
Original cataloging agency DLC
Transcribing agency DLC
Modifying agency DLC
041 ## - LANGUAGE CODE
Language code of Book eng
050 00 - LIBRARY OF CONGRESS CALL NUMBER
Classification number QA76.6
Item number .S5726 1999
082 00 - DEWEY DECIMAL CLASSIFICATION NUMBER
Classification number 004.33
DDC Edition number 21
Author mark and Year SIM 1999
100 1# - MAIN ENTRY--PERSONAL NAME
Personal name Simon, David E.
245 13 - TITLE STATEMENT
Title An embedded software primer /
Statement of responsibility, etc David E. Simon.
260 ## - PUBLICATION, DISTRIBUTION, ETC. (IMPRINT)
Place of publication, distribution, etc Reading, Mass. :
Name of publisher, distributor, etc Addison Wesley,
Date of publication, distribution, etc 1999.
300 ## - PHYSICAL DESCRIPTION
Pagination xix, 424 p. :
Other physical details ill. ;
Dimensions 24 cm. +
Accompanying material 1 computer laser optical disc (4 3/4 in.)
504 ## - BIBLIOGRAPHY, ETC. NOTE
Bibliography, etc Includes bibliographical references (p. [407]-408) and index.
650 #0 - SUBJECT ADDED ENTRY--TOPICAL TERM
Topical term or geographic name as entry element Embedded computer systems
General subdivision Programming.
650 #0 - SUBJECT ADDED ENTRY--TOPICAL TERM
Topical term or geographic name as entry element Application software
General subdivision Development.
650 #0 - SUBJECT ADDED ENTRY--TOPICAL TERM
Topical term or geographic name as entry element Real-time data processing.
942 ## - ADDED ENTRY ELEMENTS (KOHA)
Source of classification or shelving scheme Dewey Decimal Classification
Koha item type Books
Holdings
Source of classification or shelving scheme Damaged status Not for loan Home library Current library Shelving location Date of accession Source of acquisition Total Checkouts Full call number Barcode Date last seen Copy number Method of acquisition Koha item type Currency
Dewey Decimal Classification     JCC Rouf Library JCC Rouf Library General Stacks   With the compliments of Shahriar Imtiaz Rahman,27/1483/K   004.33 SIM 1999 19858 02/27/2025 C-1 Gift/Donation Books BDT

JCC Library | Contacts | JCC Home

Last Update on 23 September 2017
Copyright @ 2017-2020 JCC Rouf Library
Rouf Library, Jhenidah Cadet College (JCC), Bangladesh